00513nam a2200229Ia 4500003000900000008004100009040001300050040001300063041000800076100001500084100001000099245005600109250000900165260001200174260000900186300001100195300001000206490002900216490000600245700001600251700001600267IT-RoPAU120407s9999 xx 000 0 und d aIT-RoPAU cIT-RoPAU aita aC. Arneodo ccoll. aLe applicazioni industriali dell’energia atomica. aRoma aStudium c1958 a128 p. c17 cm aUniversale Studium, 53 v1 aC. Codegone aC. Arneodeo